[Event "Barcelona Primavera La Lira op 5th"]
[Site "Barcelona"]
[Date "2012.05.31"]
[Round "7"]
[White "Aparicio Escudero, Hector F"]
[Black "Coll Terradas, Fernando"]
[Result "1-0"]
[WhiteElo "1765"]
[BlackElo "1850"]
[PlyCount "113"]
[EventDate "2012.04.19"]
[EventType "swiss"]
[EventRounds "9"]
[EventCountry "ESP"]
[SourceTitle "CBM 148 Extra"]
[Source "ChessBase"]
[SourceDate "2012.06.22"]
[SourceVersion "1"]
[SourceVersionDate "2012.06.22"]
[SourceQuality "1"]

1. e4 g6 2. d4 Bg7 3. Nf3 d6 4. Nc3 Nf6 5. Bd3 0-0 6. h3 Nbd7 7. Be3 a6 8. Qd2 Re8 9. e5 dxe5 10. dxe5 Nh5 11. g4 Nxe5 12. Nxe5 Bxe5 13. gxh5 Be6 14. hxg6 fxg6 15. 0-0-0 Qc8 16. f4 Bg7 17. f5 Bxf5 18. Bxf5 Qxf5 19. Rdf1 Qe6 20. Qd5 Qxd5 21. Nxd5 Rac8 22. Bg5 Bf8 23. Re1 Kg7 24. Re6 c6 25. Nf4 Rcd8 26. Rhe1 Kf7 27. Nd3 h6 28. Bd2 g5 29. Bc3 Rd6 30. Nc5 Rxe6 31. Nxe6 b5 32. Bb4 h5 33. Nxg5+ Kg8 34. Re6 Bg7 35. Rg6 Kh8 36. Ne6 Bf6 37. Rh6+ Kg8 38. Rxh5 Kf7 39. Nf4 e5 40. Nd3 e4 41. Nf4 e3 42. Ne2 Kg6 43. Rc5 Rd8 44. Rxc6 Kf5 45. Rxa6 Bh4 46. Rb6 Rd5 47. Bc3 Bf2 48. Rf6+ Kg5 49. Nf4 Rf5 50. Rxf5+ Kxf5 51. Ne2 Bh4 52. Kd1 Ke4 53. Bg7 Be7 54. Ng1 Bc5 55. Ke2 b4 56. h4 Kf5 57. h5 1-0